000 01017nam a22003017a 4500
001 7143
003 FISKH
005 20250821141357.0
008 250630b cb ||||| |||| 00| 0 eng d
020 _a0439079594
040 _aFISKH
_beng
_cFISKH
_dFISKH
050 _aPZ7.L8773 I
082 _a796
100 _aLord, Bao Bette
_d(1938-)
245 _aIn the year of the boar and Jackie Robinson /
_cBette Bao Lord ; Illustrations by Marc Simont
250 _aThis edition first published in 1984
260 _aNew York :
_bScholastic,
_c1984
300 _a169 pages :
_billustrations ;
_c18 cm
505 _aR
520 _aIn 1947, a Chinese child comes to Brooklyn where she becomes Americanized at school, in her apartment building, and by her love for baseball.
521 8 _a730
_bLexile
521 8 _aR
_bRaz-Plus
650 _2Asian American
_aJackie Robinson
650 _2Historical fiction
_aImmigrants
700 _aSimont, Marc
_dillustrator
942 _2ddc
_cBK
_n0
999 _c7143
_d7143